[Event "Africa-ch rapid (Women)"]
[Site "Accra"]
[Date "2024.03.10"]
[Round "6"]
[White "Wafa, Shahenda"]
[Black "Nassr, Lina"]
[Result "1/2-1/2"]
[WhiteElo "2083"]
[BlackElo "2080"]
[PlyCount "169"]
[EventDate "2024.03.07"]
[EventType "swiss (rapid)"]
[EventRounds "6"]
[EventCountry "GHA"]
[SourceTitle "CB15_2024"]
[SourceDate "2024.04.10"]
[SourceVersion "1"]
[SourceVersionDate "2024.04.10"]
[SourceQuality "1"]

1. e4 c5 2. Nf3 e6 3. d4 cxd4 4. Nxd4 Nf6 5. Nc3 Bb4 6. e5 Nd5 7. Qg4 Kf8 8. Bd3 h5 9. Qe4 d6 10. Ndb5 dxe5 11. Bd2 f5 12. Qxe5 Nc6 13. Qe2 a6 14. Nxd5 Bxd2+ 15. Qxd2 Qxd5 16. Nc3 Qe5+ 17. Qe2 Qxe2+ 18. Bxe2 e5 19. Nd5 Nd4 20. Bd1 Be6 21. Nc7 Rc8 22. Nxe6+ Nxe6 23. c3 h4 24. Bc2 g6 25. 0-0-0 Ke7 26. Bb3 Nf4 27. g3 hxg3 28. fxg3 Nh3 29. Rd2 e4 30. Bd5 Rc7 31. c4 Ng5 32. h4 Nf3 33. Re2 Ne5 34. b3 b5 35. Rc2 Nd3+ 36. Kb1 Nb4 37. Rd2 Rd8 38. a3 Nxd5 39. cxd5 Rc3 40. Kb2 Rxg3 41. h5 gxh5 42. Rxh5 Kf6 43. d6 Ke5 44. Rh6 e3 45. Rc2 Rxd6 46. Rh4 f4 47. Rc5+ Ke4 48. Rc8 Rd2+ 49. Kc3 Kf3 50. Rf8 Rg4 51. Rh3+ Kg2 52. Rfh8 f3 53. Rh2+ Kg3 54. R8h3+ Kf4 55. Rxd2 exd2 56. Kxd2 Rg2+ 57. Kd3 Kg4 58. Rh8 Re2 59. a4 Re5 60. Rg8+ Kh3 61. axb5 axb5 62. Kd4 Re1 63. Kc5 f2 64. Rf8 Kg2 65. Kxb5 f1Q+ 66. Rxf1 Kxf1 67. Kc5 Rc1+ 68. Kd5 Rb1 69. Kc4 Ke2 70. b4 Ke3 71. Kc5 Ke4 72. b5 Rc1+ 73. Kd6 Rd1+ 74. Kc6 Ke5 75. b6 Ke6 76. Kc7 Rc1+ 77. Kd8 Rd1+ 78. Kc7 Rc1+ 79. Kd8 Rb1 80. Kc7 Ke7 81. b7 Rc1+ 82. Kb6 Rb1+ 83. Kc7 Rc1+ 84. Kb6 Rb1+ 85. Kc7 1/2-1/2

[Event "Africa-chT rapid 13th"]
[Site "Accra"]
[Date "2024.03.09"]
[Round "3.6"]
[White "Nassr, Lina"]
[Black "Nakabo, Peninah"]
[Result "1-0"]
[WhiteElo "2080"]
[BlackElo "1836"]
[PlyCount "45"]
[EventDate "2024.03.09"]
[EventType "team-swiss (rapid)"]
[EventRounds "6"]
[EventCountry "GHA"]
[SourceTitle "CB11_2024"]
[SourceDate "2024.03.13"]
[SourceVersion "1"]
[SourceVersionDate "2024.03.13"]
[SourceQuality "1"]
[WhiteTeam "Algeria"]
[BlackTeam "Uganda"]
[WhiteTeamCountry "ALG"]
[BlackTeamCountry "UGA"]

1. d4 e6 2. Nf3 d5 3. e3 Nf6 4. Bd3 Bd6 5. b3 0-0 6. Bb2 b6 7. Nbd2 c5 8. 0-0 Nc6 9. a3 a5 10. c4 cxd4 11. exd4 Qc7 12. Rc1 Bb7 13. cxd5 exd5 14. Ne5 Bxe5 15. dxe5 Nd7 16. f4 Nc5 17. Bb1 Qd7 18. Rf3 Ne6 19. Nc4 Qd8 20. Nd6 Qb8 21. Bxh7+ Kxh7 22. Rh3+ Kg8 23. Qh5 1-0

[Event "FIDE Grand Swiss (Women)"]
[Site "Douglas"]
[Date "2023.11.05"]
[Round "11"]
[White "Nassr, Lina"]
[Black "Savitha Shri, B."]
[Result "0-1"]
[WhiteElo "2066"]
[BlackElo "2375"]
[PlyCount "136"]
[EventDate "2023.10.25"]
[EventType "swiss"]
[EventRounds "11"]
[EventCountry "IOM"]
[SourceTitle "Mega2024 Update 01"]
[Source "Chessbase"]
[SourceDate "2023.11.12"]
[SourceVersion "1"]
[SourceVersionDate "2023.11.12"]
[SourceQuality "1"]

1. d4 Nf6 2. Nf3 g6 3. e3 Bg7 4. c4 c5 5. Nc3 cxd4 6. exd4 0-0 7. Be2 d5 8. 0-0 Nc6 9. h3 Bf5 10. Be3 Rc8 11. b3 Nb4 12. Rc1 Ne4 13. Nxd5 Nxd5 14. cxd5 Nc3 15. Qd2 Nxe2+ 16. Qxe2 Qxd5 17. Rfd1 Be4 18. Rc5 Bxf3 19. Qxf3 Qxf3 20. gxf3 b6 21. Rc4 f5 22. Rdc1 Rcd8 23. Rc7 f4 24. Bd2 Bf6 25. Bb4 Rfe8 26. Rxa7 Rxd4 27. Be1 Red8 28. Rac7 Rd3 29. Rc8 Rxc8 30. Rxc8+ Kf7 31. Kg2 Rd1 32. Bb4 Rb1 33. Rc2 Bd4 34. Bc3 Bc5 35. Rb2 Rd1 36. Rd2 Rc1 37. Bd4 Bb4 38. Re2 Rc6 39. h4 h5 40. Re4 Bd2 41. Be5 Re6 42. Bc7 b5 43. Rxe6 Kxe6 44. Kf1 b4 45. Ke2 Bc1 46. Bd8 Bb2 47. Ba5 Bf6 48. Bxb4 Bxh4 49. a4 Kd5 50. Bd2 e5 51. b4 Kc4 52. a5 Bd8 53. Kf1 g5 54. Kg2 Bc7 55. Be1 Bd8 56. Kh3 Kd3 57. Kg2 g4 58. b5 Ke2 59. Bb4 gxf3+ 60. Kg1 e4 61. b6 Bh4 62. Bc5 e3 63. a6 exf2+ 64. Bxf2 Bxf2+ 65. Kh2 Bxb6 66. a7 Bxa7 67. Kh1 f2 68. Kh2 h4 0-1

[Event "FIDE Grand Swiss (Women)"]
[Site "Douglas"]
[Date "2023.11.03"]
[Round "9"]
[White "Matnadze, Ana"]
[Black "Nassr, Lina"]
[Result "1-0"]
[WhiteElo "2400"]
[BlackElo "2066"]
[PlyCount "125"]
[EventDate "2023.10.25"]
[EventType "swiss"]
[EventRounds "11"]
[EventCountry "IOM"]
[SourceTitle "Mega2024 Update 01"]
[Source "Chessbase"]
[SourceDate "2023.11.12"]
[SourceVersion "1"]
[SourceVersionDate "2023.11.12"]
[SourceQuality "1"]

1. d4 Nf6 2. g3 e6 3. c4 d5 4. Bg2 dxc4 5. Nf3 a6 6. 0-0 Nc6 7. a4 Be7 8. Na3 Na5 9. Bg5 Rb8 10. Qe1 Nb3 11. Rd1 Bd7 12. Bxf6 Bxf6 13. Nxc4 b5 14. Nce5 0-0 15. a5 b4 16. d5 Qe8 17. Nxd7 Qxd7 18. Bh3 Qe7 19. dxe6 fxe6 20. Rd3 Nc5 21. Rd2 Nb3 22. Rc2 c5 23. Rc4 Nxa5 24. Re4 Rb6 25. Qa1 Nb7 26. Qa2 b3 27. Qa3 Rd8 28. Re3 Rb8 29. Rxb3 Nd8 30. Rxb6 Rxb6 31. b3 Qd6 32. Rc1 Rb5 33. Qa4 Kf7 34. Bf1 Rb4 35. Qa2 Nb7 36. Qc2 g6 37. Rd1 Qc7 38. e3 Rb6 39. Nd2 Rd6 40. Ne4 Rxd1 41. Qxd1 Be7 42. Bxa6 Nd6 43. Nd2 Bf6 44. Bc4 Qc6 45. Qg4 Nf5 46. Ne4 Be7 47. Qf3 Kg7 48. Qf4 h6 49. h4 h5 50. Qe5+ Kf7 51. Ng5+ Bxg5 52. hxg5 Ke7 53. Qf6+ Kd7 54. Qxg6 h4 55. Qf7+ Ne7 56. gxh4 Qe4 57. Qf4 Qb1+ 58. Kh2 Qg6 59. Bb5+ Kc8 60. Qf8+ Kc7 61. Qxe7+ Kb6 62. Bc4 Qh5 63. Kg3 1-0

[Event "FIDE Grand Swiss (Women)"]
[Site "Douglas"]
[Date "2023.10.27"]
[Round "3"]
[White "Nassr, Lina"]
[Black "Lee, Alice"]
[Result "0-1"]
[WhiteElo "2066"]
[BlackElo "2388"]
[PlyCount "170"]
[EventDate "2023.10.25"]
[EventType "swiss"]
[EventRounds "11"]
[EventCountry "IOM"]
[SourceTitle "Mega2024 Update 01"]
[Source "Chessbase"]
[SourceDate "2023.11.12"]
[SourceVersion "1"]
[SourceVersionDate "2023.11.12"]
[SourceQuality "1"]

1. d4 d5 2. c4 e6 3. cxd5 exd5 4. Nc3 c6 5. Qc2 Bd6 6. Nf3 Ne7 7. Bg5 h6 8. Bh4 Qc7 9. e3 Nf5 10. Bg3 Nxg3 11. hxg3 0-0 12. Bd3 Re8 13. 0-0 Nd7 14. Rac1 Qd8 15. a3 a5 16. Rb1 Nf6 17. Rfe1 Be6 18. Na4 Qe7 19. Nc5 Bxc5 20. dxc5 a4 21. b4 axb3 22. Rxb3 Ra5 23. Reb1 Bc8 24. Rc1 Bg4 25. Nd4 Rea8 26. Qb2 Bc8 27. Bf5 Rxc5 28. Rxc5 Qxc5 29. Bxc8 Rxc8 30. Rxb7 Qa5 31. Qb4 Qxb4 32. axb4 c5 33. bxc5 Rxc5 34. f3 h5 35. Kf2 g6 36. Ra7 Kf8 37. Rb7 Ra5 38. Nc6 Ra2+ 39. Kf1 Ne8 40. Ne5 Nd6 41. Rb8+ Ke7 42. Nc6+ Kd7 43. Nd4 Nc4 44. Rb7+ Ke8 45. Nc6 Nxe3+ 46. Kg1 Rxg2+ 47. Kh1 Re2 48. Re7+ Kf8 49. Kg1 Rg2+ 50. Kh1 Rc2 51. Rxe3 Rxc6 52. Rd3 Rd6 53. Kg2 Ke7 54. Kf2 Rd7 55. Ke3 Kd6 56. Kd4 Ra7 57. Rb3 Ra4+ 58. Kd3 Ke5 59. Rb7 Ra3+ 60. Ke2 Ra2+ 61. Ke3 d4+ 62. Kd3 Ra3+ 63. Ke2 Kf6 64. Rd7 Ra2+ 65. Kf1 Rd2 66. Ke1 Rg2 67. Rxd4 Rxg3 68. Rf4+ Ke6 69. Kf2 Rg5 70. Rb4 Kf6 71. Ra4 Rb5 72. Kg3 Kg5 73. Rd4 Rf5 74. f4+ Kh6 75. Rd6 Kg7 76. Rd7 h4+ 77. Kg4 h3 78. Kxh3 Rxf4 79. Kg3 Rc4 80. Rd5 Kh6 81. Kf3 f5 82. Rd3 g5 83. Kg3 Kh5 84. Ra3 f4+ 85. Kg2 g4 0-1

[Event "FIDE World Cup (Women)"]
[Site "Baku"]
[Date "2023.07.30"]
[Round "1.1"]
[White "Nassr, Lina"]
[Black "Milliet, Sophie"]
[Result "0-1"]
[WhiteElo "2071"]
[BlackElo "2388"]
[PlyCount "76"]
[EventDate "2023.07.30"]
[EventType "k.o."]
[EventRounds "7"]
[EventCountry "AZE"]
[SourceTitle "EXT 2024"]
[Source "ChessBase"]
[SourceDate "2023.10.10"]
[SourceVersion "1"]
[SourceVersionDate "2023.10.10"]
[SourceQuality "1"]

1. d4 Nf6 2. Nf3 d5 3. e3 a6 4. Bd3 Bg4 5. c4 dxc4 6. Bxc4 e6 7. 0-0 c5 8. dxc5 Qxd1 9. Rxd1 Bxc5 10. a3 Nbd7 11. b4 Be7 12. Bb2 0-0 13. Nbd2 Rfd8 14. h3 Bh5 15. Be2 Nd5 16. Rac1 N7b6 17. g4 Bg6 18. Ne5 Na4 19. Bd4 a5 20. Nxg6 hxg6 21. bxa5 Bxa3 22. Rc2 Bb4 23. Ra1 Nac3 24. Nb3 Nxe2+ 25. Rxe2 Rdc8 26. Rea2 Ra6 27. Ra4 Be7 28. Nd2 Rca8 29. Nc4 b5 30. axb6 Rxa4 31. Rxa4 Rxa4 32. b7 Rb4 33. Bb6 Bd6 34. Nxd6 Rxb6 35. e4 Nc3 36. e5 Nb5 37. Kg2 Nxd6 38. exd6 Rxb7 0-1

[Event "Africa-ch (Women)"]
[Site "Giza"]
[Date "2023.05.12"]
[Round "8"]
[White "Nassr, Lina"]
[Black "Caxita, Esperanca"]
[Result "1-0"]
[WhiteElo "2038"]
[BlackElo "1899"]
[PlyCount "67"]
[EventDate "2023.05.06"]
[EventType "swiss"]
[EventRounds "9"]
[EventCountry "EGY"]
[SourceTitle "CBM 214 Extra"]
[Source "ChessBase"]
[SourceDate "2023.07.31"]
[SourceVersion "1"]
[SourceVersionDate "2023.07.31"]
[SourceQuality "1"]

1. d4 Nf6 2. c4 e6 3. Nc3 d5 4. e3 c6 5. Nf3 Nbd7 6. Qc2 Bb4 7. Bd3 dxc4 8. Bxc4 b5 9. Bd3 Bb7 10. 0-0 0-0 11. e4 g6 12. a3 Bxc3 13. Qxc3 Qb6 14. b4 a5 15. Bb2 Rfe8 16. Bc2 Qc7 17. Ng5 h6 18. Nh3 axb4 19. axb4 Nb6 20. Rxa8 Bxa8 21. Bc1 Kg7 22. Nf4 Qe7 23. Re1 Rd8 24. Rd1 Nc4 25. Bb2 Nxb2 26. Qxb2 Kh7 27. f3 Nd7 28. g3 Nb6 29. Qc3 Nc4 30. Bb3 Nb6 31. Nd3 Bb7 32. Ne5 Ra8 33. Re1 Rc8 34. Nd3 1-0

[Event "Africa-ch (Women)"]
[Site "Giza"]
[Date "2023.05.11"]
[Round "7"]
[White "February, Jesse Nikki"]
[Black "Nassr, Lina"]
[Result "0-1"]
[WhiteElo "1835"]
[BlackElo "2038"]
[PlyCount "74"]
[EventDate "2023.05.06"]
[EventType "swiss"]
[EventRounds "9"]
[EventCountry "EGY"]
[SourceTitle "CBM 214 Extra"]
[Source "ChessBase"]
[SourceDate "2023.07.31"]
[SourceVersion "1"]
[SourceVersionDate "2023.07.31"]
[SourceQuality "1"]

1. d4 d5 2. Nc3 e6 3. Bf4 Nf6 4. e3 a6 5. Qf3 Nbd7 6. g4 Bb4 7. Bd3 Nb6 8. g5 Ng8 9. Qg3 Bd6 10. Nf3 Ne7 11. Ne5 Ng6 12. Ne2 Nxf4 13. Nxf4 Qe7 14. 0-0 f6 15. gxf6 gxf6 16. Ng4 e5 17. Nh5 e4 18. Ngxf6+ Kd8 19. Qg2 exd3 20. cxd3 Qf7 21. e4 Qg6 22. e5 Bh3 23. Qxg6 hxg6 24. Nf4 Bxf1 25. exd6 Bh3 26. Re1 Bf5 27. dxc7+ Kxc7 28. N4xd5+ Nxd5 29. Nxd5+ Kd6 30. Nf4 Rhe8 31. Rd1 g5 32. Ng2 Re2 33. Ne3 Be6 34. d5 Bxd5 35. Nf5+ Kd7 36. Kf1 Rxb2 37. Re1 Re8 0-1

[Event "Arab-ch (Women)"]
[Site "Khartoum"]
[Date "2023.03.03"]
[Round "7"]
[White "Al Maamari, Wafia Darwish"]
[Black "Nassr, Lina"]
[Result "0-1"]
[WhiteElo "1837"]
[BlackElo "2031"]
[PlyCount "60"]
[EventDate "2023.02.26"]
[EventType "swiss"]
[EventRounds "9"]
[EventCountry "SUD"]
[SourceTitle "CBM 213 Extra"]
[Source "ChessBase"]
[SourceDate "2023.05.31"]
[SourceVersion "1"]
[SourceVersionDate "2023.05.31"]
[SourceQuality "1"]

1. e4 c5 2. Nf3 e6 3. d4 cxd4 4. Nxd4 Nc6 5. Nc3 a6 6. Be3 Nf6 7. Nxc6 bxc6 8. e5 Nd5 9. Nxd5 cxd5 10. Bd3 d6 11. exd6 Bxd6 12. 0-0 0-0 13. Qh5 g6 14. Qh6 Qf6 15. c3 Re8 16. Bg5 Qg7 17. Qh4 e5 18. Bh6 Qh8 19. Qa4 Be6 20. Bxa6 Qf6 21. Qc6 Red8 22. Bb7 Rab8 23. Bc1 e4 24. a4 Bc8 25. Ba8 Qe5 26. g3 Bh3 27. Bf4 Qh5 28. Qxd5 Bxf1 29. Qxe4 Bxf4 30. Bc6 Rd1 0-1

[Event "Arab-ch (Women)"]
[Site "Khartoum"]
[Date "2023.03.01"]
[Round "5"]
[White "Latreche, Sabrina"]
[Black "Nassr, Lina"]
[Result "0-1"]
[WhiteElo "2068"]
[BlackElo "2031"]
[PlyCount "82"]
[EventDate "2023.02.26"]
[EventType "swiss"]
[EventRounds "9"]
[EventCountry "SUD"]
[SourceTitle "CBM 213 Extra"]
[Source "ChessBase"]
[SourceDate "2023.05.31"]
[SourceVersion "1"]
[SourceVersionDate "2023.05.31"]
[SourceQuality "1"]

1. d4 Nf6 2. Bf4 d5 3. e3 c5 4. c3 Nc6 5. Nd2 e6 6. Ngf3 Bd6 7. Bg3 0-0 8. Bd3 Qe7 9. Ne5 Nd7 10. Nxd7 Bxd7 11. dxc5 Bxc5 12. b4 Bd6 13. b5 Ne5 14. Bxe5 Bxe5 15. Bxh7+ Kxh7 16. Qh5+ Kg8 17. Qxe5 Bxb5 18. h4 Rfc8 19. Rh3 Qc7 20. Qxc7 Rxc7 21. Nb1 Rac8 22. Kd2 Bf1 23. Rg3 b5 24. a3 Rc4 25. Ke1 Bd3 26. Kd2 Bf5 27. f4 a5 28. h5 b4 29. axb4 axb4 30. h6 g6 31. h7+ Kxh7 32. e4 Bxe4 33. Rh3+ Kg7 34. g4 Bxb1 35. Rxb1 bxc3+ 36. Kc2 Rxf4 37. Rbh1 Rf2+ 38. Kc1 Ra8 39. Rh7+ Kf6 40. g5+ Ke7 41. Kb1 c2+ 0-1

[Event "Arab-ch (Women)"]
[Site "Khartoum"]
[Date "2023.02.26"]
[Round "1"]
[White "Al Aisaee, Anat"]
[Black "Nassr, Lina"]
[Result "0-1"]
[WhiteElo "1521"]
[BlackElo "2031"]
[PlyCount "70"]
[EventDate "2023.02.26"]
[EventType "swiss"]
[EventRounds "9"]
[EventCountry "SUD"]
[SourceTitle "CBM 213 Extra"]
[Source "ChessBase"]
[SourceDate "2023.05.31"]
[SourceVersion "1"]
[SourceVersionDate "2023.05.31"]
[SourceQuality "1"]

1. e4 c5 2. Nf3 e6 3. d4 cxd4 4. Nxd4 a6 5. Nc3 b5 6. Bd3 Bb7 7. a3 Qc7 8. f4 Bc5 9. Nb3 Ba7 10. Qg4 g6 11. Bd2 Nc6 12. e5 f5 13. exf6 Nxf6 14. Bxg6+ Ke7 15. Qg5 Rag8 16. f5 Qe5+ 17. Kd1 hxg6 18. fxe6 Rh5 19. Qf4 Qxf4 20. Bxf4 dxe6 21. Ke2 e5 22. Bg3 Nd4+ 23. Nxd4 exd4 24. Na2 Ne4 25. Nb4 Nxg3+ 26. hxg3 Rgh8 27. Rhe1 Kf7 28. Nd3 Rh2 29. Rf1+ Kg7 30. Nf4 Re8+ 31. Kd3 Be4+ 32. Kd2 g5 33. Ne2 Rxg2 34. Rae1 Bg6 35. g4 Rxg4 0-1

[Event "Africa-ch U20 Girls"]
[Site "Bejaia"]
[Date "2022.11.17"]
[Round "7"]
[White "Nassr, Lina"]
[Black "Pires, Luzia"]
[Result "1-0"]
[WhiteElo "2022"]
[BlackElo "1836"]
[PlyCount "45"]
[EventDate "2022.11.13"]
[EventType "swiss"]
[EventRounds "9"]
[EventCountry "ALG"]
[SourceTitle "CBM 211 Extra"]
[Source "ChessBase"]
[SourceDate "2023.01.31"]
[SourceVersion "1"]
[SourceVersionDate "2023.01.31"]
[SourceQuality "1"]

1. d4 d5 2. Nf3 Nf6 3. e3 e6 4. Bd3 Bd6 5. b3 b6 6. Bb2 0-0 7. Nbd2 Bb7 8. 0-0 Nbd7 9. Qe2 Re8 10. Ne5 a6 11. c4 Qe7 12. Rac1 c5 13. Rfd1 Red8 14. Nxd7 Rxd7 15. cxd5 exd5 16. Nf1 Rad8 17. Ng3 g6 18. Rc2 Bc8 19. dxc5 bxc5 20. Rdc1 Bb7 21. Nf1 Rc8 22. Qd1 Re8 23. Qe1 1-0

[Event "Africa-ch U20 Girls"]
[Site "Bejaia"]
[Date "2022.11.16"]
[Round "6"]
[White "Bousselmi, Chahd"]
[Black "Nassr, Lina"]
[Result "0-1"]
[WhiteElo "1541"]
[BlackElo "2022"]
[PlyCount "94"]
[EventDate "2022.11.13"]
[EventType "swiss"]
[EventRounds "9"]
[EventCountry "ALG"]
[SourceTitle "CBM 211 Extra"]
[Source "ChessBase"]
[SourceDate "2023.01.31"]
[SourceVersion "1"]
[SourceVersionDate "2023.01.31"]
[SourceQuality "1"]

1. d4 d5 2. Bf4 c5 3. e3 Nc6 4. c3 Nf6 5. Nd2 e6 6. Ngf3 Bd6 7. Bg3 0-0 8. Bd3 b6 9. e4 Be7 10. e5 Nh5 11. Ng5 Bxg5 12. Qxh5 g6 13. Qe2 cxd4 14. h4 Bh6 15. h5 dxc3 16. bxc3 Bg7 17. f4 f5 18. Nf3 Qe8 19. h6 Bh8 20. Bb5 Bd7 21. Bxc6 Bxc6 22. Nd4 Rf7 23. 0-0 Rc8 24. Rfc1 Rfc7 25. Qb2 Bd7 26. Bh4 Rc4 27. Qa3 R8c7 28. Rab1 Qc8 29. Rb4 Qf8 30. Bg5 a5 31. Rb3 Qxa3 32. Rxa3 Rxd4 33. Rb1 Rdc4 34. Rxb6 a4 35. Rd6 R4c6 36. Rxa4 Rxd6 37. exd6 Bxa4 38. dxc7 Bd7 39. Kf2 Bxc3 40. Ke3 Ba5 41. Bd8 Bb6+ 42. Kd3 Bc8 43. Kc3 d4+ 44. Kd3 Kf7 45. a4 Ke8 46. a5 Bxa5 47. Kxd4 Kd7 0-1

[Event "Africa-ch U20 Girls"]
[Site "Bejaia"]
[Date "2022.11.16"]
[Round "5"]
[White "Nassr, Lina"]
[Black "Hadjout, Ilyna"]
[Result "1-0"]
[WhiteElo "2022"]
[BlackElo "1403"]
[PlyCount "53"]
[EventDate "2022.11.13"]
[EventType "swiss"]
[EventRounds "9"]
[EventCountry "ALG"]
[SourceTitle "CBM 211 Extra"]
[Source "ChessBase"]
[SourceDate "2023.01.31"]
[SourceVersion "1"]
[SourceVersionDate "2023.01.31"]
[SourceQuality "1"]

1. d4 Nf6 2. Nf3 g6 3. e3 Bg7 4. Be2 0-0 5. 0-0 d6 6. c4 Nbd7 7. Nc3 e5 8. b4 Re8 9. Qb3 c6 10. dxe5 dxe5 11. Bb2 Qc7 12. c5 Nf8 13. Nd2 Re7 14. b5 Ne6 15. Ba3 Rd7 16. Nc4 Ne8 17. b6 Qb8 18. Rad1 Bf8 19. Rxd7 Bxd7 20. Rd1 Bc8 21. Na4 a6 22. Bf3 h6 23. h4 N6g7 24. Qc3 Be6 25. Nxe5 Bxa2 26. Bb2 Be6 27. Nxg6 1-0

[Event "Africa-ch U20 Girls"]
[Site "Bejaia"]
[Date "2022.11.14"]
[Round "3"]
[White "Nassr, Lina"]
[Black "Djerroud, Chahrazed"]
[Result "1/2-1/2"]
[WhiteElo "2022"]
[BlackElo "1689"]
[PlyCount "68"]
[EventDate "2022.11.13"]
[EventType "swiss"]
[EventRounds "9"]
[EventCountry "ALG"]
[SourceTitle "CBM 211 Extra"]
[Source "ChessBase"]
[SourceDate "2023.01.31"]
[SourceVersion "1"]
[SourceVersionDate "2023.01.31"]
[SourceQuality "1"]

1. d4 d5 2. c4 c6 3. Nc3 Nf6 4. Nf3 e6 5. e3 Bd6 6. Bd3 0-0 7. 0-0 Nbd7 8. e4 dxe4 9. Nxe4 Nxe4 10. Bxe4 e5 11. dxe5 Nxe5 12. Nxe5 Bxe5 13. Bxh7+ Kxh7 14. Qh5+ Kg8 15. Qxe5 Re8 16. Qc3 Bf5 17. Be3 Re6 18. Rad1 Qc7 19. Rd4 Rg6 20. Bf4 Qe7 21. Rfd1 Re8 22. Qd2 Bg4 23. Rf1 c5 24. Rd3 Qe2 25. Rd8 Rge6 26. Qxe2 Bxe2 27. Rxe8+ Rxe8 28. Re1 Re4 29. g3 Re6 30. b3 Bxc4 31. Be3 Bd5 32. Rc1 b6 33. h3 Rc6 34. Rd1 Be6 1/2-1/2

[Event "ALG-ch"]
[Site "Tichy"]
[Date "2022.10.21"]
[Round "7"]
[White "Nassr, Lina"]
[Black "Benkhoucha, Samy"]
[Result "1-0"]
[WhiteElo "2014"]
[BlackElo "1727"]
[PlyCount "148"]
[EventDate "2022.10.18"]
[EventType "swiss"]
[EventRounds "9"]
[EventCountry "ALG"]
[SourceTitle "EXT 2024"]
[Source "ChessBase"]
[SourceDate "2023.10.10"]
[SourceVersion "1"]
[SourceVersionDate "2023.10.10"]
[SourceQuality "1"]

1. d4 d5 2. Nf3 Nf6 3. e3 c6 4. Bd3 Bg4 5. b3 e6 6. Bb2 Bd6 7. Nbd2 a5 8. a3 Nbd7 9. c4 Qe7 10. 0-0 e5 11. e4 dxe4 12. Bxe4 0-0 13. Re1 Nxe4 14. Nxe4 Bc7 15. Ned2 Rad8 16. Qc2 f6 17. b4 Qf7 18. h3 Bh5 19. Qb3 exd4 20. Bxd4 Ne5 21. Bc5 Nd3 22. Bxf8 Nxe1 23. Rxe1 Kxf8 24. Qe3 Re8 25. Qc5+ Kg8 26. Rxe8+ Qxe8 27. g4 Bg6 28. Qd4 h5 29. Nh4 Bf7 30. Ndf3 axb4 31. axb4 b5 32. cxb5 cxb5 33. g5 Bc4 34. gxf6 Qe2 35. Nh2 Qe1+ 36. Kg2 Qxb4 37. Nf5 g6 38. Qd7 Qf8 39. Ne7+ Kh7 40. Qxc7 Qxf6 41. Nd5+ Qg7 42. Qxg7+ Kxg7 43. Nb4 Kf6 44. Kf3 Kg5 45. Kg3 Kf5 46. Nf3 g5 47. Nd2 Be2 48. Nb3 Ke4 49. Kg2 Bd1 50. Nc5+ Kd4 51. Ne6+ Kc4 52. Na6 g4 53. h4 b4 54. Nxb4 Kxb4 55. Ng7 g3 56. Kxg3 Kc5 57. Kf4 Kd4 58. f3 Kd5 59. Nxh5 Ke6 60. Ng3 Kf6 61. Ne4+ Kg7 62. Kg4 Kh6 63. Ng3 Kg6 64. Kf4 Ba4 65. Ke5 Bd7 66. f4 Bg4 67. h5+ Kf7 68. f5 Bd1 69. Kf4 Kf6 70. Ne4+ Kg7 71. Kg5 Kh7 72. Nd6 Bc2 73. f6 Bb3 74. f7 Bxf7 1-0

[Event "Olympiad Women-44"]
[Site "Chennai"]
[Date "2022.08.09"]
[Round "11.1"]
[White "Nassr, Lina"]
[Black "Castrillon Gomez, Melissa"]
[Result "1/2-1/2"]
[WhiteElo "2011"]
[BlackElo "2230"]
[PlyCount "136"]
[EventDate "2022.07.29"]
[EventType "team-swiss"]
[EventRounds "11"]
[EventCountry "IND"]
[SourceTitle "CBM 210"]
[Source "ChessBase"]
[SourceDate "2022.10.31"]
[SourceVersion "1"]
[SourceVersionDate "2022.10.31"]
[SourceQuality "1"]
[WhiteTeam "Algeria (W)"]
[BlackTeam "Colombia (W)"]
[WhiteTeamCountry "ALG"]
[BlackTeamCountry "COL"]

1. d4 Nf6 2. Nf3 g6 3. e3 Bg7 4. Be2 c5 5. 0-0 0-0 6. dxc5 Qa5 7. a3 Qxc5 8. b4 Qc7 9. Bb2 d5 10. Nc3 e6 11. Nb5 Qd8 12. c4 a6 13. Nbd4 Nbd7 14. Nd2 Ne4 15. cxd5 exd5 16. Nxe4 dxe4 17. Qb3 Qg5 18. g3 Ne5 19. h4 Qe7 20. Qc2 f5 21. Rac1 g5 22. Qc7 Qf6 23. hxg5 Qxg5 24. Ne6 Bxe6 25. Bxe5 Rf7 26. Bf4 Rxc7 27. Bxg5 Rac8 28. Rxc7 Rxc7 29. Rd1 Rd7 30. Rxd7 Bxd7 31. Bc4+ Kf8 32. Bd5 b5 33. Bb7 Bb2 34. Bd8 Bxa3 35. Ba5 Ke7 36. Bxa6 Kd6 37. Bb7 Be6 38. Kg2 Bb2 39. Kf1 Bc3 40. Kg2 Bd2 41. Kg1 Kd7 42. Kg2 Bc4 43. Kg1 Bc3 44. Kg2 Be5 45. f3 exf3+ 46. Kxf3 Bd6 47. e4 Bd3 48. exf5 Bxf5 49. Bd5 h5 50. Bf7 Bg4+ 51. Kf2 Ke7 52. Bd5 Bd7 53. Bf3 Be8 54. Kg2 Ke6 55. Be2 Ke5 56. Kh3 Be7 57. Kg2 Kd4 58. Kh3 Ke3 59. Bd1 Bd7+ 60. Kg2 Bg4 61. Bc2 Kd2 62. Bg6 Kc3 63. Be8 Bxb4 64. Bb6 Be2 65. Kf2 Kd2 66. Bf7 Bd1 67. Be8 Be2 68. Bf7 Bd1 1/2-1/2

[Event "Arab-ch (Women)"]
[Site "Abu Dhabi"]
[Date "2021.12.01"]
[Round "8"]
[White "Abdulzahra, Sali Abbas"]
[Black "Nassr, Lina"]
[Result "0-1"]
[WhiteElo "1914"]
[BlackElo "1951"]
[PlyCount "174"]
[EventDate "2021.11.26"]
[EventType "swiss"]
[EventRounds "9"]
[EventCountry "UAE"]
[SourceTitle "CBM 205 Extra"]
[Source "ChessBase"]
[SourceDate "2022.01.31"]
[SourceVersion "1"]
[SourceVersionDate "2022.01.31"]
[SourceQuality "1"]

1. e4 c5 2. Nf3 e6 3. d4 cxd4 4. Nxd4 a6 5. Bd3 Bc5 6. Nb3 Ba7 7. 0-0 Ne7 8. Kh1 d5 9. e5 Nbc6 10. Qe1 Ng6 11. f4 0-0 12. c3 f6 13. N1d2 Qe8 14. Nf3 fxe5 15. Bxg6 Qxg6 16. fxe5 Qh5 17. Be3 Nxe5 18. Bxa7 Nxf3 19. Qg3 Rxa7 20. Rxf3 Rxf3 21. gxf3 Ra8 22. Re1 Qf7 23. Nc5 b6 24. Nd3 Bb7 25. Nf4 Bc8 26. Qg4 Bd7 27. Nd3 e5 28. Qg2 Qf5 29. Nxe5 Re8 30. Qg3 Bb5 31. Kg2 Qc2+ 32. Qf2 Qf5 33. Ng4 Rxe1 34. Qxe1 h5 35. Ne3 Qg5+ 36. Kh1 Qf4 37. Qf2 Bc6 38. Nc2 Qc1+ 39. Ne1 Bd7 40. Qe2 Kh7 41. Qe5 g6 42. Qe7+ Kh6 43. h4 Bf5 44. Qe5 Kh7 45. Qe7+ Kh8 46. Qe2 Qf4 47. Ng2 Qd6 48. Qxa6 Bh3 49. Qe2 Qg3 50. Kg1 Bxg2 51. Qxg2 Qe1+ 52. Qf1 Qxh4 53. Qd3 Qg5+ 54. Kh2 Kh7 55. Qd4 h4 56. Qg4 Qe7 57. Kh3 g5 58. Qf5+ Kh6 59. Qxd5 Qe1 60. Qd6+ Kh5 61. Qh2 Qe6+ 62. Kg2 Qe2+ 63. Kg1 Qxf3 64. Qf2 Qd1+ 65. Kh2 Qd6+ 66. Kh1 Qd5+ 67. Kh2 Qe5+ 68. Kg1 b5 69. Qf3+ g4 70. Qf7+ Kg5 71. Qg8+ Kf4 72. Qf8+ Ke4 73. Qf2 g3 74. Qe2+ Kf4 75. Qf1+ Kg4 76. Qd1+ Kg5 77. Qd8+ Kf5 78. Qd3+ Kf4 79. Qf1+ Kg5 80. a3 Qe3+ 81. Kh1 Kg4 82. c4 h3 83. Qd1+ Qf3+ 84. Qxf3+ Kxf3 85. cxb5 g2+ 86. Kh2 Kf2 87. b6 g1Q+ 0-1

[Event "Arab-ch (Women)"]
[Site "Abu Dhabi"]
[Date "2021.11.30"]
[Round "7"]
[White "Nassr, Lina"]
[Black "Murad, Fatema Alzahraa"]
[Result "1-0"]
[WhiteElo "1951"]
[BlackElo "1872"]
[PlyCount "83"]
[EventDate "2021.11.26"]
[EventType "swiss"]
[EventRounds "9"]
[EventCountry "UAE"]
[SourceTitle "CBM 205 Extra"]
[Source "ChessBase"]
[SourceDate "2022.01.31"]
[SourceVersion "1"]
[SourceVersionDate "2022.01.31"]
[SourceQuality "1"]

1. d4 d5 2. Nf3 Nf6 3. e3 e6 4. Bd3 Bd6 5. b3 Nbd7 6. Bb2 b6 7. Nbd2 Bb7 8. 0-0 0-0 9. c4 Ba6 10. e4 dxe4 11. Nxe4 Nxe4 12. Bxe4 Rb8 13. Bc2 Re8 14. Qd3 g6 15. Rad1 Nf6 16. Rfe1 c5 17. dxc5 Be7 18. Qc3 Qc7 19. Ne5 Bc8 20. Ng4 e5 21. Qxe5 Qxe5 22. Nxe5 Bb7 23. c6 Bb4 24. cxb7 Bxe1 25. Rxe1 Rxb7 26. f4 Rbe7 27. Kf2 Nh5 28. g3 Nf6 29. h3 Rd8 30. Bc3 Re6 31. Nf3 Red6 32. Be5 Re6 33. Nd4 Rxe5 34. fxe5 Ne8 35. Nf3 Nc7 36. Rd1 Rxd1 37. Bxd1 Ne6 38. b4 Kf8 39. Bb3 Ke7 40. Ke3 Ng7 41. Nd4 Kd7 42. c5 1-0